| 000 | 00463cam a22001694a 4500 | ||
|---|---|---|---|
| 020 | _a0072363223 | ||
| 040 | _cDLC | ||
| 082 | _a620 MCG 2001 A036 Or. | ||
| 100 | 1 | _aKelley, David S. | |
| 245 | 1 | 0 | _aPro/ENGINEER instructor / |
| 260 |
_aBoston, Mass. : _bMcGraw Hill, _c2001. |
||
| 300 |
_axv, 554 p. : _bill. ; _c28 cm. + _e1 CD-ROM (4 3/4 in.) |
||
| 500 | _aIncludes index. | ||
| 650 | 0 | _aComputer-aided design. | |
| 650 | 0 | _aMechanical drawing. | |
| 942 | _cEK | ||
| 999 |
_c11429 _d11429 |
||